000 01021nam a2200277 a 4500
003 OSt
005 20250929121453.0
008
020 _a9780128193679 (Paperback)
_cUSD 62.00
040 _aNUST
_cNUST
_beng
_dNUST
_erda
050 _aREF RD598.36.C35 BRI
100 1 _aBrilakis, Emmanouil
_eAuthor
245 1 0 _aManual of percutaneous coronary interventions :
_ba step-by-step approach /
_cEmmanouil Brilakis.
260 _aLondon :
_bAcademic Press,
_c©2021.
300 _axxiv, 581 pages :
_bIllustrations ;
_c28 cm.
336 _atext
_btxt
_2rdacontent
337 _aunmediated
_bn
_2rdamedia
338 _avolume
_bnc
_2rdacarrier
504 _aIncludes bibliographical references and index.
650 1 _aCardiac catheterization.
650 1 _aHeart
_xSurgery.
650 1 _aHeart
_xDiseases
_yTreatment.
650 1 _aThoracic surgery.
650 1 _aHeart diseases
_xtherapy.
942 _cREF
_kREF RD
_mBRI
_2lcc
_hREF RD598.36.C35BRI
_n0
999 _c101351
_d101351